000 00799nam a2200205 a 4500
003 0
005 20250428104032.0
008 050808s19uu xx 00 eng d
050 _aPHS LB 1049.5
_b.B37 2005
100 _aBarroso, Josemaria Miguel L.
245 _aThe Study habits of male and female varsity players /
_cJosemaria Miguel L. Barroso.
260 _aLas PiƱas City, Philippines :
_bSouthville International School and Colleges,
_c2005.
300 _a29 pages :
_billustrations ;
_c28 cm.
504 _aIncludes bibliographical references.
650 _2Library of Congress Subject Headings
_aStudy habits
_xAthletes.
650 _2Library of Congress Subject Headings
_aStudent athletes
_xPsychology.
650 _aVarsity athletes
_xEducation.
942 _2lcc
_cPASS
999 _c97187
_d97187